| 000 | 00800cam a22002533a 4500 | ||
|---|---|---|---|
| 001 | 22551 | ||
| 003 | PGUSA | ||
| 005 | 20140828083459.0 | ||
| 008 | 070909s2007||||xxu|||||s|||||000 | eng d | ||
| 040 |
_aPGUSA _beng |
||
| 042 | _adc | ||
| 050 | 4 | _aPQ | |
| 100 | 1 |
_aGautier, Théophile, _d1811-1872 |
|
| 245 | 1 | 0 |
_aMénagerie intime _h[electronic resource] / _cThéophile Gautier |
| 260 |
_bProject Gutenberg, _c2007 |
||
| 505 | 0 | _aTemps anciens -- Dynastie blanche -- Dynastie noire -- Côté des chiens -- Caméléons, lézards et pies -- Chevaux. | |
| 506 | _aPublic domain in the USA. | ||
| 516 | _aElectronic text | ||
| 653 | _aAnimals -- Biography | ||
| 653 | _aDomestic animals | ||
| 830 | 0 |
_aProject Gutenberg _v22551 |
|
| 856 | 4 | 0 | _uhttp://www.gutenberg.org/ebooks/22551 |
| 942 | _cEB | ||
| 999 |
_c251806 _d251806 |
||